<?xml version="1.0" encoding="UTF-8"?><?xml-stylesheet type="text/xsl" href="static/style.xsl"?><OAI-PMH xmlns="http://www.openarchives.org/OAI/2.0/" xmlns:xsi="http://www.w3.org/2001/XMLSchema-instance" xsi:schemaLocation="http://www.openarchives.org/OAI/2.0/ http://www.openarchives.org/OAI/2.0/OAI-PMH.xsd"><responseDate>2026-04-17T02:44:27Z</responseDate><request verb="GetRecord" identifier="oai:www.recercat.cat:2445/120775" metadataPrefix="marc">https://recercat.cat/oai/request</request><GetRecord><record><header><identifier>oai:recercat.cat:2445/120775</identifier><datestamp>2025-12-05T21:24:17Z</datestamp><setSpec>com_2072_1057</setSpec><setSpec>col_2072_478797</setSpec><setSpec>col_2072_478917</setSpec></header><metadata><record xmlns="http://www.loc.gov/MARC21/slim" xmlns:dcterms="http://purl.org/dc/terms/" xmlns:xsi="http://www.w3.org/2001/XMLSchema-instance" xmlns:doc="http://www.lyncode.com/xoai" xsi:schemaLocation="http://www.loc.gov/MARC21/slim http://www.loc.gov/standards/marcxml/schema/MARC21slim.xsd">
   <leader>00925njm 22002777a 4500</leader>
   <datafield ind2=" " ind1=" " tag="042">
      <subfield code="a">dc</subfield>
   </datafield>
   <datafield ind2=" " ind1=" " tag="720">
      <subfield code="a">Ridao, Joan, 1967-</subfield>
      <subfield code="e">author</subfield>
   </datafield>
   <datafield ind2=" " ind1=" " tag="260">
      <subfield code="c">2018-03-15T14:06:07Z</subfield>
   </datafield>
   <datafield ind2=" " ind1=" " tag="260">
      <subfield code="c">2018-03-15T14:06:07Z</subfield>
   </datafield>
   <datafield ind2=" " ind1=" " tag="260">
      <subfield code="c">2017-04-24</subfield>
   </datafield>
   <datafield ind2=" " ind1=" " tag="260">
      <subfield code="c">2018-03-15T14:06:07Z</subfield>
   </datafield>
   <datafield ind2=" " ind1=" " tag="520">
      <subfield code="a">Fa uns dies el Tribunal Suprem va rebaixar les condemnes de presó imposades per l'Audiència Nacional a dos acusats d'haver enaltit el terrorisme i d'haver humiliat les seves víctimes a la xarxa. També va absoldre un exmilitar gallec acusat d'exalçar el jihadisme a Facebook i de vendre samarretes amb imatges d'execucions de l'Estat Islàmic. ¿És, potser, la mateixa sort que correrà aviat la tuitera Cassandra Vera, jutjada per haver publicat tretze acudits negres sobre l'atemptat de Carrero Blanco? No ho sabem. El que és segur és que, de moment, l'Audiència Nacional continua celebrant fins a sis judicis setmanals per casos similars i que la fiscalia, d'acord amb un determinat estat d'opinió, s'ha calçat fa temps les botes de perseguir tuiters, youtubers i facebookers.</subfield>
   </datafield>
   <datafield tag="653" ind2=" " ind1=" ">
      <subfield code="a">Discurs de l'odi</subfield>
   </datafield>
   <datafield tag="653" ind2=" " ind1=" ">
      <subfield code="a">Xarxes socials</subfield>
   </datafield>
   <datafield tag="653" ind2=" " ind1=" ">
      <subfield code="a">Hate speech</subfield>
   </datafield>
   <datafield tag="653" ind2=" " ind1=" ">
      <subfield code="a">Social networks</subfield>
   </datafield>
   <datafield ind2="0" ind1="0" tag="245">
      <subfield code="a">Odi a la xarxa: on són els límits?</subfield>
   </datafield>
</record></metadata></record></GetRecord></OAI-PMH>